000 005380000a22001810004500
003 MACL
005 20160228160721.0
008 160228b xxu||||| |||| 00| 0 eng d
040 _aMACL
_cMACL
041 _aHindi
082 _a800
100 _aसिंह महीप
_941393
245 _aसमकालीन साहित्‍य चिन्‍तन
260 _bप्रभात प्रकाशन
_c1986
_aनई दिल्‍ली
350 _a60
650 _aLiterature
_941394
942 _cHIN
_k800
_2ddc
999 _c28255
_d28255